ბათუმის შოთა რუსთაველის სახელმწიფო უნივერსიტეტის ბიბლიოთეკა

ევქარისტია : (ბიბ.ჩანაწერი № 53624)

000 -ლიდერი
ფიქსირებული სიგრძის საკონტროლო ველი 01734nam a2200325Ia 4500
001 - საკონტროლო ნომერი
საკონტროლო ველი 20671
003 - საკონტროლო ნომრის იდენტიფიკატორი
საკონტროლო ველი GE_BSU
005 - ბოლო ოპერაციის თარიღი და დრო
საკონტროლო ველი 20210301230415.0
008 - ფიქსირებული სიგრძის მონაცემთა ელემენტები - ზოგადი ინფორმაცია
ფიქსირებული სიგრძის საკონტროლო ველი 181216s2014||||ge |||||||||||||| ||geo||
020 ## - წიგნის საერთაშორისო სტანდარტული ნომერი
International Standard Book Number 978-9941-0-6663-4
040 ## - კატალოგიზაციის წყარო
Transcribing agency GE_BSU
041 ## - ენის კოდი
Language code of text/sound track or separate title geo
080 ## - უნივერსალური ათობითი კლასიფიკაციის ინდექსი
Universal Decimal Classification number 27-528 შ-77
100 ## - მთავარი ჩანაწერი - პიროვნების სახელი
Personal name შმემანი, ალექსანდრე
9 (RLIN) 7885
245 ## - ცნობა სათაურის შესახებ
Title ევქარისტია :
Remainder of title სასუფევლის საიდუმლო /
Statement of responsibility, etc ალექსანდრე შმემანი ; მთარგმნ. : ოთარ ზოიძე და ფრიდონ საყვარელიძე ; რედ. დალი ნადიბაიძე.
250 ## - გამოცემის ცნობა
Edition statement I-ლი გამოცემა
264 ## - წარმოების, გამოცემის, დისტრიბუციის და სხვა ცნობები
გამოცემის, წარმოების, დისტრიბუციის... ადგილი თბილისი :
გამოცემის, წარმოების, დისტრიბუციის... სახელწოდება შპს "ფავორიტი სტილი,
გამოცემის, წარმოების, დისტრიბუციის... თარიღი 2014.
300 ## - ფიზიკური აღწერა
Extent 272 გვ. ;
Dimensions 22 სმ.
500 ## - ზოგადი შენიშვნა
General note წინათქმა პროტოპრესვიტერი იოანე მეიენდორფი
500 ## - ზოგადი შენიშვნა
General note შენიშვნები : გვ. 257-258
504 ## - BIBLIOGRAPHY, ETC. NOTE
Bibliography, etc ბიბლიოგრ. ტექსტების შენიშვნებში და გვ. 256
653 ## - INDEX TERM--UNCONTROLLED
Uncontrolled term ევქარისტია
653 ## - INDEX TERM--UNCONTROLLED
Uncontrolled term სასუფევლის საიდუმლო
653 ## - INDEX TERM--UNCONTROLLED
Uncontrolled term რელიგია
653 ## - INDEX TERM--UNCONTROLLED
Uncontrolled term ქრისტიანობა
700 ## - ADDED ENTRY--PERSONAL NAME
Personal name ზოიძე, ოთარ
Relator term მთარგმნელი
9 (RLIN) 10286
700 ## - ADDED ENTRY--PERSONAL NAME
Personal name საყვარელიძე, ფრიდონ
Relator term მთარგმნელი
9 (RLIN) 10287
700 ## - ADDED ENTRY--PERSONAL NAME
Personal name ნადიბაიძე, დალი
Relator term რედაქტორი
9 (RLIN) 10288
942 ## - ADDED ENTRY ELEMENTS (KOHA)
Koha item type წიგნი
Source of classification or shelving scheme
ეგზემპლარები
ჩამოწერის სტატუსი დაკარგული ეგზემპლარის სტატუსი კლასიფიკაციის წყარო ან თაროზე გაწყობის სქემა დაზიანების სტატუსი არ გაიცემა მუდმივი მდებარეობა (დაცვის ადგილი) ამჟამინდელი ადგილსამყოფელი თაროზე განთავსების ადგილი შეძენის თარიღი სრული შენახვის შიფრი შტრიხკოდი ბოლო ოპერაციის თარიღი ეგზემპლარის მიმდევრობითი ნომერი (კეტერი?) ფასის ძალაში შესვლის თარიღი ეგზემპლარის სახეობა
          ბათუმის შოთა რუსთაველის სახელმწიფო უნივერსიტეტის მთავარი ბიბლიოთეკა ბათუმის შოთა რუსთაველის სახელმწიფო უნივერსიტეტის მთავარი ბიბლიოთეკა წიგნსაცავი 2018-12-17 27-528 შ-77 53936 2018-12-17 53936 2018-12-17 წიგნი